| 000 | 00519nam a2200181Ia 4500 | ||
|---|---|---|---|
| 999 |
_c14207 _d14207 |
||
| 003 | OSt | ||
| 005 | 20201113103005.0 | ||
| 008 | 190216s9999||||xx |||||||||||||| ||und|| | ||
| 020 | _a9788171569908 | ||
| 040 | _coclc | ||
| 082 |
_a420 _bSAL/C |
||
| 100 |
_aSalim, B _96562 |
||
| 245 | 2 |
_aA Companion To Teaching Of English / _cB Salim |
|
| 260 |
_bAtlantic Publications And Distributors, _c2001. _aNew Delhi: |
||
| 300 | _a213p | ||
| 650 | _aEnglish | ||
| 942 |
_cBK _2ddc _h420 _iSAL/C _k420 _mSAL/C |
||